[Event "Sparkassen-Open A"]
[Site "Heusenstamm, Martinsee"]
[Date "2016.11.27"]
[Round "5.41"]
[White "Karimi, Farhad"]
[Black "Niebergall, Gerhard"]
[Result "1/2-1/2"]
[WhiteElo "2096"]
[BlackElo "2001"]
[PlyCount "174"]
[EventDate "2016.??.??"]
[WhiteTeam "Satranç Club"]
[BlackTeam "SC Heitersheim"]

1. d4 d5 2. Nf3 Nc6 3. e3 Bg4 4. Be2 e6 5. O-O Bd6 6. h3 Bh5 7. Nbd2 Nf6 8. c4
dxc4 9. Nxc4 O-O 10. Qb3 Rb8 11. Rd1 b5 12. Nce5 Qe8 13. g4 Bg6 14. Nxg6 hxg6
15. Bf1 a6 16. Ng5 Be7 17. f4 Nd5 18. Nf3 Na5 19. Qc2 Qc6 20. Qxc6 Nxc6 21. a3
f5 22. g5 Bd6 23. Bd2 Nce7 24. Rdc1 Rb6 25. Kf2 Rc6 26. Ne1 Rxc1 27. Rxc1 Rc8
28. Nd3 Kf8 29. Bg2 Ke8 30. Bb4 Kd7 31. Bc5 a5 32. Ke2 Rb8 33. Kd2 Nc8 34. Bxd5
exd5 35. b3 Ne7 36. Ke2 Rh8 37. Rh1 Nc6 38. Kf3 Nd8 39. b4 axb4 40. Bxd6 Kxd6
41. axb4 Nc6 42. h4 Ra8 43. h5 gxh5 44. Rxh5 Ra3 45. Ke2 Ra2+ 46. Kd1 Ke7 47.
Rh8 Ra3 48. Kc2 Ra2+ 49. Kb3 Re2 50. Rh3 Nd8 51. Ne5 Nb7 52. Kc3 Nd6 53. Nd3
Ne4+ 54. Kb3 Nd2+ 55. Kc2 Nc4+ 56. Kc3 Rxe3 57. Rh7 Kf7 58. Rh8 Nb2 59. Kxb2
Rxd3 60. Rc8 Rxd4 61. Rxc7+ Kg6 62. Rc6+ Kh5 63. Rb6 Rxb4+ 64. Kc3 Rxf4 65.
Rxb5 d4+ 66. Kd3 Kxg5 67. Rb1 g6 68. Rg1+ Rg4 69. Rh1 Kf4 70. Kxd4 Rg2 71. Rf1+
Kg5 72. Re1 Kg4 73. Ke5 f4 74. Kf6 g5 75. Re5 Kf3 76. Kf5 Re2 77. Ra5 Kg2 78.
Kg4 f3 79. Rxg5 f2 80. Kf4+ Kh2 81. Rh5+ Kg1 82. Rg5+ Kh2 83. Rh5+ Kg1 84. Rg5+
Kf1 85. Ra5 Ke1 86. Ra1+ Kd2 87. Kf3 f1=Q+ 1/2-1/2

[Event "Sparkassen-Open A"]
[Site "Heusenstamm, Martinsee"]
[Date "2016.11.27"]
[Round "5.42"]
[White "Krastev, Alexander"]
[Black "Eggenstein, Frank"]
[Result "0-1"]
[WhiteElo "1981"]
[BlackElo "2077"]
[PlyCount "86"]
[EventDate "2016.??.??"]
[WhiteTeam "Biebertaler SF"]
[BlackTeam "SV Erkenschwick"]

1. e4 e6 2. Nf3 d5 3. Nc3 Nf6 4. e5 Nfd7 5. d4 c5 6. dxc5 Nc6 7. Bf4 Nxc5 8.
Bd3 Be7 9. O-O a6 10. a3 g5 11. Bg3 h5 12. h3 Nxd3 13. cxd3 Bd7 14. Re1 b5 15.
Qd2 g4 16. hxg4 hxg4 17. Nh2 Nd4 18. Qf4 Nc2 19. Nxg4 Nxa1 20. Rxa1 Qb6 21.
Nf6+ Kd8 22. Rc1 Bc6 23. Bh4 Ra7 24. Bg5 Rc7 25. Bh6 b4 26. axb4 Kc8 27. Qg5
Rd8 28. Qh5 Bxf6 29. exf6 Qxb4 30. Ne2 Be8 31. Rxc7+ Kxc7 32. Bf4+ Kb7 33. Qe5
Qe1+ 34. Kh2 Rc8 35. Bg3 Bb5 36. Qh5 Be8 37. f4 Qf1 38. Nd4 Rc1 39. Kh3 Qh1+
40. Bh2 Qd1 41. Qh8 Qxd3+ 42. Nf3 Rc8 43. Qg8 Qf5+ 0-1

[Event "Sparkassen-Open A"]
[Site "Heusenstamm, Martinsee"]
[Date "2016.11.27"]
[Round "5.43"]
[White "Von Auer, Ulrich"]
[Black "Vangsgaard, Freja"]
[Result "1-0"]
[WhiteElo "2077"]
[BlackElo "1948"]
[PlyCount "99"]
[EventDate "2016.??.??"]
[WhiteTeam "SF Frankfurt"]
[BlackTeam "Vejlby-Risskov"]

1. d4 Nf6 2. c4 e6 3. g3 d5 4. Bg2 Be7 5. Nf3 O-O 6. O-O dxc4 7. Qc2 a6 8. Qxc4
b5 9. Qc2 Bb7 10. Bd2 Nbd7 11. Ba5 Nb6 12. Bxb6 cxb6 13. Nbd2 Rc8 14. Qd3 Nd5
15. Rac1 Nb4 16. Qb1 Bf6 17. e3 g6 18. Rxc8 Qxc8 19. a3 Nc6 20. Rd1 Rd8 21. Ne4
Bg7 22. Nc3 Na5 23. Ne1 Bxg2 24. Kxg2 Nc6 25. Nd3 Qb7 26. f3 Qe7 27. b4 Qg5 28.
Qc1 Na7 29. Qd2 Bh6 30. f4 Qe7 31. Qf2 Qc7 32. Rc1 Qc6+ 33. Qf3 Qxf3+ 34. Kxf3
f6 35. Ne4 Bg7 36. Rc7 Nc8 37. Rc6 Kf7 38. Rxc8 Rxc8 39. Nd6+ Ke7 40. Nxc8+ Kd7
41. Nxb6+ Kc7 42. Nc5 Kxb6 43. Nxe6 Bh8 44. e4 a5 45. d5 axb4 46. axb4 Kb7 47.
Ke3 Kc8 48. Kd4 Kd7 49. Kc5 Ke7 50. Kc6 1-0

[Event "Sparkassen-Open A"]
[Site "Heusenstamm, Martinsee"]
[Date "2016.11.27"]
[Round "5.44"]
[White "Weil, Volker"]
[Black "Kulenovic, Adnan"]
[Result "1-0"]
[WhiteElo "2071"]
[BlackElo "1941"]
[PlyCount "89"]
[EventDate "2016.??.??"]
[WhiteTeam "SC Steinbach"]
[BlackTeam "SV Kinzigtal"]

1. d4 e5 2. dxe5 Nc6 3. Nf3 Qe7 4. Nc3 Nxe5 5. Nd5 Nxf3+ 6. gxf3 Qd8 7. Bf4 d6
8. Qd4 Ne7 9. O-O-O Be6 10. Nc3 Nc6 11. Qd2 Qh4 12. e4 Be7 13. Kb1 O-O 14. Bg3
Qh5 15. Be2 f5 16. f4 Qf7 17. exf5 Qxf5 18. Bf3 Bf6 19. Rhe1 Bf7 20. Nd5 Bxd5
21. Bxd5+ Kh8 22. Be6 Qb5 23. c3 Rae8 24. Qc2 Nd8 25. a4 Qh5 26. Bb3 Rxe1 27.
Rxe1 c6 28. Qd3 d5 29. Bc2 g6 30. Qe3 b6 31. Qd3 Qh3 32. Qa6 Qd7 33. h4 c5 34.
Qd3 d4 35. h5 gxh5 36. Rh1 Rf7 37. Rxh5 dxc3 38. Rd5 Qe7 39. bxc3 Nc6 40. f3
Na5 41. Rh5 c4 42. Qf5 Qd7 43. Bh4 Bxc3 44. Rxh7+ Kg8 45. Qxd7 1-0

[Event "Sparkassen-Open A"]
[Site "Heusenstamm, Martinsee"]
[Date "2016.11.27"]
[Round "5.45"]
[White "Marchese, Gaspare"]
[Black "Eichner, Christian"]
[Result "0-1"]
[WhiteElo "1933"]
[BlackElo "2067"]
[PlyCount "56"]
[EventDate "2016.??.??"]
[WhiteTeam "SC Matt im Park"]
[BlackTeam "SV TuR Dresden"]

1. e4 e5 2. d4 exd4 3. Qxd4 Nc6 4. Qe3 Nf6 5. Nc3 Bb4 6. Bd2 O-O 7. O-O-O Re8
8. Qg3 Rxe4 9. f3 Re8 10. h4 d5 11. h5 Qd6 12. Bf4 Qc5 13. Bh6 Ng4 14. fxg4
Bxc3 15. Qxc3 Qxc3 16. bxc3 gxh6 17. Be2 Re5 18. Bf3 Be6 19. Nh3 Na5 20. Nf4 c6
21. Nd3 Rg5 22. Nf2 Nc4 23. Rde1 Re8 24. Nd3 Kf8 25. Nc5 Bc8 26. Rhf1 Ne3 27.
Rf2 Nxg4 28. Bxg4 Rxe1+ 0-1

[Event "Sparkassen-Open A"]
[Site "Heusenstamm, Martinsee"]
[Date "2016.11.27"]
[Round "5.46"]
[White "Modric, Vladimir"]
[Black "Rondonuwu, Grover"]
[Result "0-1"]
[WhiteElo "1928"]
[BlackElo "2066"]
[PlyCount "46"]
[EventDate "2016.??.??"]
[WhiteTeam "SC Nied"]
[BlackTeam "Frankfurter TV"]

1. d4 d5 2. Nf3 Nf6 3. e3 c6 4. Bd3 e6 5. Nbd2 Nbd7 6. b3 Bd6 7. Bb2 Qc7 8. O-O
e5 9. e4 O-O 10. Re1 Re8 11. c4 exd4 12. exd5 Rxe1+ 13. Qxe1 c5 14. Qe2 Nf8 15.
Ne4 Nxe4 16. Qxe4 Bd7 17. Re1 Re8 18. Qh4 Rxe1+ 19. Nxe1 Qa5 20. Qe4 Qxa2 21.
Bc1 Qxb3 22. Qe2 Qb6 23. h4 Qd8 0-1

[Event "Sparkassen-Open A"]
[Site "Heusenstamm, Martinsee"]
[Date "2016.11.27"]
[Round "5.47"]
[White "Kreiling, Carsten"]
[Black "Musiolik, David"]
[Result "1-0"]
[WhiteElo "2065"]
[BlackElo "1874"]
[PlyCount "145"]
[EventDate "2016.??.??"]
[WhiteTeam "SVG Eppstein"]
[BlackTeam "SC Ramstein"]

1. d4 d5 2. c4 e6 3. Nc3 Be7 4. Nf3 Nf6 5. Bg5 O-O 6. e3 b6 7. cxd5 exd5 8. Be2
Bb7 9. O-O Ne4 10. Bxe7 Qxe7 11. Rc1 Nd7 12. Qa4 a6 13. a3 Rfd8 14. Qb4 Qd6 15.
Qxd6 Nxd6 16. Na4 Rac8 17. b3 Nb5 18. Bxb5 axb5 19. Nc3 c6 20. b4 Ra8 21. Nb1
Nf6 22. Ne5 Rdc8 23. Rc2 Rc7 24. Rfc1 Rac8 25. Nc3 Ne8 26. a4 f6 27. Nd3 Ba6
28. a5 bxa5 29. bxa5 b4 30. Nxb4 Bc4 31. Nb1 Rb8 32. Rxc4 dxc4 33. Na6 Rb5 34.
Nxc7 Nxc7 35. Na3 Rxa5 36. Nxc4 Ra6 37. g4 Nb5 38. Kg2 Kf7 39. Nd2 Nd6 40. Kf3
Ke6 41. Ne4 Nxe4 42. Kxe4 g6 43. Rxc6+ Rxc6 44. d5+ Kd6 45. dxc6 Kxc6 46. g5
Kd6 47. gxf6 Ke6 48. f7 Kxf7 49. Ke5 Ke7 50. f4 h6 51. f5 Kf7 52. e4 gxf5 53.
Kxf5 Kg7 54. h4 Kf7 55. h5 Ke7 56. Kg6 Ke6 57. Kxh6 Kf6 58. e5+ Kf7 59. Kg5 Kg7
60. h6+ Kf7 61. e6+ Kf8 62. Kg6 Ke7 63. h7 Kxe6 64. h8=Q Kd5 65. Kf5 Kc5 66.
Ke5 Kc4 67. Qh4+ Kc5 68. Qd4+ Kc6 69. Ke6 Kb5 70. Kd5 Ka6 71. Qb2 Ka7 72. Kc6
Ka8 73. Qb7# 1-0

[Event "Sparkassen-Open A"]
[Site "Heusenstamm, Martinsee"]
[Date "2016.11.27"]
[Round "5.48"]
[White "Pabel, Ralph"]
[Black "Bordin, Igor"]
[Result "1/2-1/2"]
[WhiteElo "1927"]
[BlackElo "2063"]
[PlyCount "135"]
[EventDate "2016.??.??"]
[WhiteTeam "SK Mainaschaff"]
[BlackTeam "SC Fehrbach"]

1. d4 Nf6 2. c4 e6 3. Nf3 Bb4+ 4. Nbd2 d5 5. e3 O-O 6. a3 Be7 7. Qc2 Nbd7 8.
Bd3 c5 9. O-O Qc7 10. cxd5 exd5 11. dxc5 Qxc5 12. Qb1 Qb6 13. Nd4 Re8 14. b3
Nc5 15. Bc2 Bf8 16. Bb2 Bd7 17. Re1 Rac8 18. Qd1 Na4 19. bxa4 Qxb2 20. Rb1 Qxa3
21. Rxb7 a5 22. Qa1 Qxa1 23. Rxa1 Bb4 24. N2f3 Rc3 25. h3 Rec8 26. Ra2 Be8 27.
Ne5 Bd6 28. Nef3 Ne4 29. g4 h6 30. Bxe4 dxe4 31. Nd2 Be5 32. Nf5 Kf8 33. Ra7
Rc1+ 34. Kg2 Bc6 35. Nb3 Rb1 36. Nxa5 Bd5 37. Re2 Be6 38. Nd4 Bd5 39. Nac6 Bxd4
40. Nxd4 Bc4 41. Nf5 Be6 42. Nd4 Bc4 43. Rc2 Bf1+ 44. Kg3 Rxc2 45. Nxc2 Bd3 46.
Nd4 g6 47. a5 Rg1+ 48. Kh2 Ra1 49. Kg3 Rg1+ 50. Kh2 Ra1 51. Nc6 Bc4 52. Ne5 Be6
53. h4 g5 54. h5 Kg7 55. Kg2 Rd1 56. a6 Kf6 57. Nc6 Bxg4 58. Rc7 Bf3+ 59. Kh2
Rh1+ 60. Kg3 Rg1+ 61. Kh2 Rg2+ 62. Kh3 Rg1 63. a7 Rh1+ 64. Kg3 Rg1+ 65. Kh3
Rh1+ 66. Kg3 Rg1+ 67. Kh3 Rh1+ 68. Kg3 1/2-1/2

[Event "Sparkassen-Open A"]
[Site "Heusenstamm, Martinsee"]
[Date "2016.11.27"]
[Round "5.49"]
[White "Flach, Erich"]
[Black "Zimmer, Gerald"]
[Result "0-1"]
[WhiteElo "2062"]
[BlackElo "1929"]
[PlyCount "70"]
[EventDate "2016.??.??"]
[WhiteTeam "SK Langen"]
[BlackTeam "SC Bergen-Enkheim"]

1. c4 Nf6 2. Nc3 c5 3. g3 Nc6 4. Bg2 d6 5. Nf3 g6 6. d4 cxd4 7. Nxd4 Bd7 8. e4
Bg7 9. Nde2 O-O 10. O-O Ne5 11. b3 a6 12. h3 Rb8 13. Bg5 b5 14. cxb5 axb5 15.
Nd4 h6 16. Be3 Qa5 17. Nd5 Nxd5 18. exd5 Rfc8 19. Qe2 f5 20. f4 Nf7 21. Rac1
Nd8 22. Bf2 Bf6 23. g4 Qb4 24. Qd3 Kf7 25. gxf5 gxf5 26. a3 Qxa3 27. Rxc8 Rxc8
28. Nxf5 Rc3 29. Nxd6+ Qxd6 30. Qh7+ Bg7 31. Bd4 Rg3 32. f5 Rxg2+ 33. Kxg2
Qxd5+ 34. Kh2 Qxd4 35. Qg6+ Kf8 0-1

[Event "Sparkassen-Open A"]
[Site "Heusenstamm, Martinsee"]
[Date "2016.11.27"]
[Round "5.50"]
[White "Lotz, Ralf"]
[Black "Marzahn, Heiko"]
[Result "0-1"]
[WhiteElo "1900"]
[BlackElo "2059"]
[PlyCount "126"]
[EventDate "2016.??.??"]
[WhiteTeam "SC Obertshausen"]
[BlackTeam "Sfr. Erbach"]

1. d4 f5 2. g3 Nf6 3. Bg2 e6 4. Nc3 Bb4 5. a3 Bxc3+ 6. bxc3 O-O 7. Rb1 Nc6 8.
Nf3 Rb8 9. c4 d6 10. O-O e5 11. dxe5 dxe5 12. Ng5 Qe8 13. Bd5+ Kh8 14. a4 Nxd5
15. cxd5 Nd8 16. c4 Bd7 17. a5 f4 18. Bb2 Qh5 19. Nf3 Nf7 20. Kh1 Bf5 21. Rc1
Be4 22. Kg1 Qh3 23. c5 Rbd8 24. d6 cxd6 25. cxd6 Rxd6 26. Qa4 Bxf3 27. exf3 Rh6
28. Rfd1 Qxh2+ 29. Kf1 fxg3 30. fxg3 Qxb2 31. Rc2 b5 32. Rxb2 bxa4 33. Rb7 Rh1+
34. Ke2 Rxd1 35. Kxd1 Rc8 36. Rb4 h6 37. Rxa4 Rc5 38. a6 Rc6 39. Kd2 Ng5 40.
Ra3 Ne6 41. Ke3 Nc7 42. Ke4 Rxa6 43. Rc3 Nb5 44. Rc8+ Kh7 45. Kxe5 Rf6 46. f4
Rg6 47. Rb8 a6 48. Ra8 Rxg3 49. Rxa6 Nc7 50. Ra7 Ne8 51. f5 Nf6 52. Kf4 Rg4+
53. Ke5 h5 54. Ra3 h4 55. Rh3 Kh6 56. Ke6 Kg5 57. Ra3 Rg3 58. Ra7 Kh6 59. Kf7
Rg5 60. Ke6 h3 61. Ra1 h2 62. Rh1 Rh5 63. Ke5 Ng4+ 0-1

[Event "Sparkassen-Open A"]
[Site "Heusenstamm, Martinsee"]
[Date "2016.11.27"]
[Round "5.51"]
[White "Schlößner, Henrik"]
[Black "Thomele, Michael"]
[Result "1-0"]
[WhiteElo "2050"]
[BlackElo "1928"]
[PlyCount "89"]
[EventDate "2016.??.??"]
[WhiteTeam "SK Gründau"]
[BlackTeam "SC Obernau"]

1. e4 c5 2. Nf3 d6 3. d4 cxd4 4. Nxd4 Nf6 5. Nc3 a6 6. Bg5 e6 7. f4 Be7 8. Qf3
Qc7 9. O-O-O Nc6 10. f5 Ne5 11. Qh3 exf5 12. Nxf5 Bxf5 13. Qxf5 Qd7 14. Bxf6
Qxf5 15. exf5 gxf6 16. Nd5 Rc8 17. g3 Rg8 18. Be2 Rg5 19. g4 h6 20. Rhe1 Bd8
21. h3 Kf8 22. Rd4 Rg8 23. Nf4 Bb6 24. Re4 Bd8 25. Rd1 Be7 26. Nh5 Ke8 27. Rb4
b5 28. a4 Nc6 29. Re4 Ne5 30. axb5 axb5 31. Bxb5+ Kd8 32. Ra4 Rb8 33. Nf4 Rf8
34. Bf1 Kc7 35. Nd5+ Kd8 36. Bg2 Re8 37. Ra6 Nc4 38. b3 Ne5 39. Nxe7 Kxe7 40.
Raxd6 Rec8 41. Kb1 Nc4 42. Rc6 Na3+ 43. Kb2 Nc4+ 44. Kc1 Ne5 45. Rxc8 1-0

[Event "Sparkassen-Open A"]
[Site "Heusenstamm, Martinsee"]
[Date "2016.11.27"]
[Round "5.52"]
[White "Lesny, Florian"]
[Black "Konik, Michael"]
[Result "1/2-1/2"]
[WhiteElo "1889"]
[BlackElo "2049"]
[PlyCount "62"]
[EventDate "2016.??.??"]
[WhiteTeam "SK Niederbrechen"]
[BlackTeam "SK Mainaschaff"]

1. e4 d5 2. exd5 Qxd5 3. Nc3 Qa5 4. Bc4 Nf6 5. d4 c6 6. h3 Bf5 7. Bd2 e6 8. Nf3
Nbd7 9. O-O Qc7 10. Re1 Bd6 11. a4 h6 12. Bb3 O-O 13. Qe2 Rad8 14. Rad1 a6 15.
Ne5 c5 16. Nxd7 Rxd7 17. Be3 cxd4 18. Bxd4 Rfd8 19. Be3 Bb4 20. Rxd7 Rxd7 21.
Bd2 Qd8 22. Bf4 Ne4 23. Qf3 Nc5 24. Qg3 Bg6 25. h4 Nxb3 26. cxb3 Rd3 27. Re3
Rxe3 28. Bxe3 Kh7 29. Qg4 Be7 30. Qf3 Qd7 31. h5 Bf5 1/2-1/2

[Event "Sparkassen-Open A"]
[Site "Heusenstamm, Martinsee"]
[Date "2016.11.27"]
[Round "5.53"]
[White "Thomas, Tobias"]
[Black "Held, Carsten"]
[Result "0-1"]
[WhiteElo "1842"]
[BlackElo "2046"]
[PlyCount "58"]
[EventDate "2016.??.??"]
[WhiteTeam "SK Langen"]
[BlackTeam "SC Ladja Roßdorf"]

1. e4 c5 2. Nc3 Nc6 3. f4 g6 4. Nf3 Bg7 5. Bc4 e6 6. O-O Nge7 7. d3 O-O 8. Qe1
d5 9. Bb3 Na5 10. Ng5 c4 11. Ba4 a6 12. b4 cxb3 13. Bxb3 dxe4 14. Ngxe4 Nxb3
15. axb3 Bd7 16. Bd2 Bc6 17. Rc1 Rc8 18. Ne2 Nf5 19. Kh1 Qc7 20. Bc3 Bxe4 21.
Bxg7 Bxg2+ 22. Kxg2 Kxg7 23. Ng3 Nd4 24. Rf2 Rfd8 25. Qe3 Qc6+ 26. Kh3 Qc5 27.
Rg1 Nxb3 28. Qe1 Nd4 29. c3 Nc6 0-1

[Event "Sparkassen-Open A"]
[Site "Heusenstamm, Martinsee"]
[Date "2016.11.27"]
[Round "5.54"]
[White "Schweizer, Manfred"]
[Black "Bittner, Peter"]
[Result "1-0"]
[WhiteElo "2044"]
[BlackElo "1922"]
[PlyCount "55"]
[EventDate "2016.??.??"]
[WhiteTeam "Post-SV Memmingen"]
[BlackTeam "SC Nied"]

1. g3 Nf6 2. Bg2 d5 3. d3 e6 4. Nf3 Be7 5. O-O Nc6 6. Nbd2 Bd7 7. c4 O-O 8. b3
h6 9. Bb2 Rc8 10. e4 dxe4 11. Nxe4 Nxe4 12. dxe4 Qe8 13. Qe2 Rd8 14. e5 Bc5 15.
Rad1 Qe7 16. Nd2 a5 17. Ne4 Ba7 18. h4 Bc8 19. Qh5 Bd4 20. Nf6+ Kh8 21. Rxd4
Nxd4 22. Bc1 Ne2+ 23. Qxe2 gxf6 24. Qh5 fxe5 25. Bxh6 f5 26. Bxf8+ Qh7 27. Qh6
Kg8 28. Qg5+ 1-0

[Event "Sparkassen-Open A"]
[Site "Heusenstamm, Martinsee"]
[Date "2016.11.27"]
[Round "5.55"]
[White "Zweschper, Erich"]
[Black "Büse, Ralf"]
[Result "1-0"]
[WhiteElo "2036"]
[BlackElo "1898"]
[PlyCount "43"]
[EventDate "2016.??.??"]
[WhiteTeam "SVG Eppstein"]
[BlackTeam "SC Ladja Roßdorf"]

1. d4 Nf6 2. c4 g6 3. f3 Bg7 4. e4 d6 5. Be3 O-O 6. Nc3 b6 7. Bd3 a6 8. Nge2 c5
9. Qd2 Nc6 10. Rd1 e5 11. dxe5 dxe5 12. Bg5 Nd4 13. O-O Qd6 14. Qe1 Nh5 15. g4
Nf4 16. Nxf4 exf4 17. Nd5 Re8 18. Bxf4 Qc6 19. Nc7 Be6 20. Nxa8 Rxa8 21. Qg3 b5
22. Rfe1 1-0

[Event "Sparkassen-Open A"]
[Site "Heusenstamm, Martinsee"]
[Date "2016.11.27"]
[Round "5.56"]
[White "Scherf, Karl-Heinrich"]
[Black "Syed, Tareq"]
[Result "1/2-1/2"]
[WhiteElo "1881"]
[BlackElo "2032"]
[PlyCount "53"]
[EventDate "2016.??.??"]
[WhiteTeam "SF Neuberg"]
[BlackTeam "SC Brett vorm Kopp"]

1. e4 c6 2. Nc3 d5 3. Nf3 a6 4. d4 Bg4 5. Be2 Bxf3 6. Bxf3 e6 7. O-O Nf6 8. Re1
Be7 9. a4 b6 10. Bf4 O-O 11. Qd3 Nbd7 12. e5 Ne8 13. Ne2 b5 14. c3 Nb6 15. a5
Nc4 16. b4 Nb2 17. Qc2 Nc4 18. Nc1 Ra7 19. Bg4 g6 20. Bh6 Ng7 21. Qd3 Re8 22.
Qh3 Nf5 23. Bxf5 exf5 24. Nd3 Bg5 25. Bxg5 Qxg5 26. f4 Qd8 27. Ra2 1/2-1/2

[Event "Sparkassen-Open A"]
[Site "Heusenstamm, Martinsee"]
[Date "2016.11.27"]
[Round "5.57"]
[White "Rubina, Tatiana"]
[Black "Schmitt, Carsten"]
[Result "1-0"]
[WhiteElo "1875"]
[BlackElo "2025"]
[PlyCount "68"]
[EventDate "2016.??.??"]
[WhiteTeam "SK Mannheim"]
[BlackTeam "SV Bergwinkel"]

1. e4 e6 2. d3 d5 3. Nd2 Nf6 4. g3 c5 5. Bg2 Nc6 6. Ngf3 Be7 7. O-O O-O 8. c3
Qc7 9. Qe2 b5 10. exd5 exd5 11. d4 c4 12. Ne5 Re8 13. f4 Bd6 14. Ndf3 Bf5 15.
Qd1 Be4 16. Bh3 h6 17. g4 Bxf3 18. Qxf3 Ne4 19. a3 Na5 20. Be3 Nb3 21. Rad1 f6
22. Ng6 Kh7 23. Nh4 g6 24. Kh1 a5 25. Bg2 b4 26. axb4 axb4 27. cxb4 Bxb4 28. g5
fxg5 29. fxg5 Rf8 30. Qg4 h5 31. Qe6 Rxf1+ 32. Rxf1 Ra1 33. Qxg6+ Kh8 34. Qe8+
Kg7 1-0

[Event "Sparkassen-Open A"]
[Site "Heusenstamm, Martinsee"]
[Date "2016.11.27"]
[Round "5.58"]
[White "Kalepky, Helmut"]
[Black "Reinhold, Günther"]
[Result "1/2-1/2"]
[WhiteElo "2019"]
[BlackElo "1834"]
[PlyCount "60"]
[EventDate "2016.??.??"]
[WhiteTeam "SF Heidesheim"]
[BlackTeam "Frankfurter TV"]

1. d4 Nf6 2. c4 e6 3. Nc3 c5 4. d5 exd5 5. cxd5 d6 6. Nf3 g6 7. Bf4 a6 8. e4
Bg4 9. Be2 b5 10. h3 Bxf3 11. Bxf3 Ra7 12. O-O Bg7 13. Qd2 O-O 14. Rfe1 Re8 15.
e5 dxe5 16. Bxe5 Rae7 17. Bxb8 Rxe1+ 18. Rxe1 Qxb8 19. Rxe8+ Qxe8 20. g3 b4 21.
Nd1 Ne4 22. Qe2 f5 23. Qxa6 Bd4 24. Qe2 Qe5 25. Kg2 Qxd5 26. b3 Kg7 27. Bxe4
Qxe4+ 28. Qxe4 fxe4 29. f3 exf3+ 30. Kxf3 Kf6 1/2-1/2

[Event "Sparkassen-Open A"]
[Site "Heusenstamm, Martinsee"]
[Date "2016.11.27"]
[Round "5.59"]
[White "Schmieder, Stefan"]
[Black "Prill, Gerhard"]
[Result "0-1"]
[WhiteElo "1821"]
[BlackElo "2018"]
[PlyCount "54"]
[EventDate "2016.??.??"]
[WhiteTeam "SC Bad Soden"]
[BlackTeam "SC Heitersheim"]

1. e4 e5 2. Bc4 Nf6 3. d3 Nc6 4. Nc3 Bc5 5. f4 d6 6. Nf3 Bg4 7. Na4 Bb6 8. Nxb6
axb6 9. c3 exf4 10. Bxf4 O-O 11. O-O Ne5 12. Bxe5 dxe5 13. a3 Bxf3 14. Qxf3 Qe7
15. Rae1 b5 16. Bb3 c5 17. Kh1 Ra6 18. g4 Ne8 19. Qg3 Nd6 20. Bd5 c4 21. d4
exd4 22. e5 Nc8 23. Rxf7 Rxf7 24. Rf1 Re6 25. Rf5 Nb6 26. Qf3 Nxd5 27. Qxd5 d3
0-1

[Event "Sparkassen-Open A"]
[Site "Heusenstamm, Martinsee"]
[Date "2016.11.27"]
[Round "5.61"]
[White "Papadopoulos, Ioannis"]
[Black "Rack, Matthias"]
[Result "1-0"]
[WhiteElo "1755"]
[BlackElo "2038"]
[PlyCount "38"]
[EventDate "2016.??.??"]
[WhiteTeam "SV Oberursel"]
[BlackTeam "SF Neuberg"]

1. e4 e5 2. Nf3 Nf6 3. Nxe5 d6 4. Nf3 Nxe4 5. Nc3 Nxc3 6. dxc3 Be7 7. Be3 Nc6
8. Qd2 Bf5 9. O-O-O O-O 10. Bd3 Bxd3 11. Qxd3 Bf6 12. h4 Re8 13. Ng5 g6 14.
Nxh7 Kxh7 15. h5 Kg7 16. Bh6+ Kg8 17. hxg6 Bg5+ 18. f4 Ne5 19. gxf7+ Nxf7 1-0

[Event "Sparkassen-Open A"]
[Site "Heusenstamm, Martinsee"]
[Date "2016.11.27"]
[Round "5.62"]
[White "Wanie, Karsten"]
[Black "Bernhart, Joseph"]
[Result "1-0"]
[WhiteElo "2145"]
[BlackElo "1945"]
[PlyCount "103"]
[EventDate "2016.??.??"]
[WhiteTeam "SC Matt im Park"]
[BlackTeam "SG Kaiserslautern"]

1. d4 c5 2. d5 e5 3. e4 d6 4. Nc3 Nf6 5. Nf3 Bg4 6. Be2 Bxf3 7. Bxf3 Be7 8. O-O
O-O 9. g3 Ne8 10. Bg2 Bg5 11. f4 exf4 12. gxf4 Bf6 13. Ne2 g6 14. c3 Nd7 15.
Be3 b5 16. a4 a6 17. axb5 axb5 18. Rxa8 Qxa8 19. b4 Qa3 20. bxc5 Nxc5 21. Qa1
Qb3 22. Bxc5 dxc5 23. e5 Bd8 24. d6 Ng7 25. Ng3 h5 26. Rd1 Qe6 27. Rf1 h4 28.
Ne4 h3 29. Bf3 Qf5 30. Qc1 c4 31. Ng3 Qc8 32. Kh1 Qe6 33. Qd1 Qd7 34. Bg4 Qc6+
35. Qf3 Qc5 36. Bxh3 b4 37. cxb4 Qxb4 38. f5 f6 39. Qd5+ Kh8 40. fxg6 c3 41. e6
c2 42. e7 Bxe7 43. dxe7 Qxe7 44. Qc4 f5 45. Qxc2 f4 46. Ne4 Qh4 47. Qc5 Rd8 48.
Ng5 Nh5 49. Qe5+ Ng7 50. Nf7+ Kg8 51. Nxd8 Qxd8 52. Qxf4 1-0

[Event "Sparkassen-Open A"]
[Site "Heusenstamm, Martinsee"]
[Date "2016.11.27"]
[Round "5.63"]
[White "Vangsgaard, Claus"]
[Black "Bethke, Richard"]
[Result "0-1"]
[WhiteElo "1923"]
[BlackElo "2104"]
[PlyCount "90"]
[EventDate "2016.??.??"]
[WhiteTeam "Vejlby-Risskov"]
[BlackTeam "SC Gelnhausen"]

1. e4 c5 2. d3 Nc6 3. f4 g6 4. Nf3 Bg7 5. g3 e6 6. c3 Nge7 7. Bg2 O-O 8. O-O d5
9. Qc2 e5 10. Nxe5 Nxe5 11. fxe5 Bxe5 12. Bh6 Bg7 13. Bxg7 Kxg7 14. Qf2 dxe4
15. dxe4 Qb6 16. b4 cxb4 17. Qxb6 axb6 18. cxb4 Be6 19. a3 Nc6 20. Nc3 Nd4 21.
Nd5 Bxd5 22. exd5 Nc2 23. Rac1 Ne3 24. Rfe1 Rxa3 25. Rc7 Rb3 26. d6 Nxg2 27.
Kxg2 Rd3 28. d7 Rd2+ 29. Kf3 Rd8 30. Rxb7 R8xd7 31. Rxd7 Rxd7 32. Re5 Rd3+ 33.
Ke4 Rd6 34. Rb5 f6 35. Rd5 f5+ 36. Ke5 Rxd5+ 37. Kxd5 g5 38. b5 Kf6 39. Kc6 f4
40. gxf4 gxf4 41. Kxb6 f3 42. Ka7 f2 43. b6 f1=Q 44. b7 Qa1+ 45. Kb6 Qb2+ 0-1

[Event "Sparkassen-Open A"]
[Site "Heusenstamm, Martinsee"]
[Date "2016.11.27"]
[Round "5.64"]
[White "Poghosyan, Tigran"]
[Black "Cors, Heinz-Friedrich"]
[Result "1-0"]
[WhiteElo "2080"]
[BlackElo "1925"]
[PlyCount "91"]
[EventDate "2016.??.??"]
[WhiteTeam "Lübecker SV"]
[BlackTeam "Schachforum Darmstadt"]

1. e4 e5 2. Nf3 Nc6 3. Bb5 a6 4. Ba4 Nf6 5. O-O Be7 6. d3 b5 7. Bb3 O-O 8. Nc3
d6 9. a3 Na5 10. Ba2 Bb7 11. Nd5 Nxd5 12. exd5 Bc8 13. Qe1 Nb7 14. d4 Bg4 15.
dxe5 Bxf3 16. gxf3 dxe5 17. Qxe5 Nd6 18. Kh1 Bf6 19. Qf4 Re8 20. c3 Re5 21. Rg1
Qe7 22. Be3 Rh5 23. Qg3 Nf5 24. Qg4 Qe5 25. Bf4 Nh6 26. Bxe5 Nxg4 27. Bxc7
Nxf2+ 28. Kg2 Nd3 29. Rab1 Re8 30. Rgd1 Re2+ 31. Kf1 Rf2+ 32. Kg1 Rxf3 33. Kg2
Rf2+ 34. Kg1 Rg5+ 35. Bg3 Rf3 36. Kg2 Rf2+ 37. Kh1 Rf3 38. d6 h5 39. d7 Bd8 40.
Rd2 Rg4 41. Rbd1 h4 42. Rxd3 Rxd3 43. Rxd3 hxg3 44. Re3 g2+ 45. Kg1 Bb6 46.
d8=Q+ 1-0

[Event "Sparkassen-Open A"]
[Site "Heusenstamm, Martinsee"]
[Date "2016.11.27"]
[Round "5.65"]
[White "Bogucanin, Mirsad"]
[Black "Hentzgen, Thomas"]
[Result "1/2-1/2"]
[WhiteElo "1923"]
[BlackElo "2042"]
[PlyCount "39"]
[EventDate "2016.??.??"]
[WhiteTeam "VSG Offenbach"]
[BlackTeam "USV Halle"]

1. Nf3 Nf6 2. d4 g6 3. c4 Bg7 4. Nc3 d6 5. e4 O-O 6. Be2 e5 7. O-O Nc6 8. d5
Ne7 9. Bg5 h6 10. Bh4 g5 11. Bg3 Nh5 12. Nd2 Nxg3 13. fxg3 f5 14. exf5 Nxf5 15.
Nde4 Qe7 16. Qd2 Bd7 17. Bg4 Nd4 18. Bxd7 Qxd7 19. h3 a6 20. g4 1/2-1/2

[Event "Sparkassen-Open A"]
[Site "Heusenstamm, Martinsee"]
[Date "2016.11.27"]
[Round "5.66"]
[White "Waffenschmidt, Joachim"]
[Black "Jennewein, Norbert"]
[Result "1-0"]
[WhiteElo "2039"]
[BlackElo "1877"]
[PlyCount "87"]
[EventDate "2016.??.??"]
[WhiteTeam "SC Brett vorm Kopp"]
[BlackTeam "SC Fehrbach"]

1. d4 d5 2. c4 dxc4 3. Nf3 a6 4. e3 b5 5. a4 Bb7 6. b3 e6 7. bxc4 bxc4 8. Bxc4
Nf6 9. O-O Nbd7 10. Nc3 Be7 11. Qe2 c5 12. Rd1 cxd4 13. exd4 Nb6 14. Bd3 Nbd5
15. Nxd5 Nxd5 16. Bd2 Ra7 17. Rab1 O-O 18. Ne5 g6 19. Ng4 Qd6 20. Qe5 Qxe5 21.
Nxe5 a5 22. Bb5 Rc8 23. Rdc1 Bb4 24. Rxc8+ Bxc8 25. Nc6 Rc7 26. Bxb4 axb4 27.
f3 Bd7 28. Nxb4 Bxb5 29. Nxd5 exd5 30. axb5 Kf8 31. Kf2 Ke7 32. Ke3 Kd6 33. g4
Re7+ 34. Kf4 Kc7 35. b6+ Kb7 36. Rb5 Re6 37. Rxd5 Kxb6 38. g5 Kc6 39. Rd8 Re2
40. h4 Kc7 41. Rf8 Re7 42. Rh8 Rd7 43. Rxh7 Rxd4+ 44. Ke5 1-0